000
00273nam a22001217a 4500
008
181217b xxu||||| |||| 00| 0 eng d
041
_a
eng
080
_a
541
100
_a
12
101
_a
KIM
245
_a
Quantum Mechaqnics In Chemistry
_c
Hanna.m.w
942
_2
udc
_c
BK
999
_c
53143
_d
53143